000 00496 a2200145 4500
005 20250614091857.0
020 _a0-8213-6071-X
082 _aLECT 330.9 THE
111 _aThe World Bank
245 _a2005 World development indicators
260 _aWashington, DC.,
_bInternational Bank,
_c2005.
300 _axxv, 403p.: ill.; chart, figure, graph, picture, table.
_bIndex,
_c27cm.
856 _yAccess online book
_f2005 World development indicators
_dwww.worldbank.org/data
942 _2ddc
_cBKS
999 _c4070
_d4070